000 00632nam a2200193Ia 4500
005 20260601193255.0
008 260601s9999||||xx |||||||||||||| ||und||
020 _a978-3-031-70001-9
_qebk
100 _aK. Venu Gopal Rao
245 0 _aAdvances in Computational Intelligence
250 _a2024
260 _aHeidelberg, Germany
_bSpringer Nature
_c2024
440 _aCommunications in Computer and Information Science
650 _aComputer Science
700 _aA. V. Krishna Prasad
700 _aSeelam Ch. Vijaya Bhaskar
856 _uhttps://link.springer.com/openurl?genre=book&isbn=978-3-031-70001-9
942 _cEB
_2ddc
999 _c56829
_d56829